Algunos versos /
Alejandro Arango y Escandón (1821-1883), abogado mexicano. Estudió en París, Madrid y México. Sirvió a los gobiernos conservadores y al imperio. Al triunfo de la República fue encarcelado y luego desterrado. Miembro de la Academia de Letrán, segundo director de la Academia Mexicana de la Lengua. Pol...
Uloženo v:
| Hlavní autor: | |
|---|---|
| Médium: | Kniha |
| Jazyk: | španělština |
| Vydání: | 2a edición |
| Témata: | |
| Tagy: |
Žádné tagy, Buďte první, kdo vytvoří štítek k tomuto záznamu!
|
MARC
| LEADER | 00000nam^a2200000^a^4500 | ||
|---|---|---|---|
| 001 | 000380015 | ||
| 005 | 20250526000000.0 | ||
| 009 | 20260310120541.95 | ||
| 037 | |a Acervo Xavier Clavigero | ||
| 041 | |a ESP | ||
| 082 | |a 861. |b ARA | ||
| 100 | |a Arango y Escandón, Alejandro |e (autor) | ||
| 245 | 1 | 0 | |a Algunos versos / |c A. Arango y Escandón. |
| 250 | |a 2a edición |b corregida | ||
| 264 | |a México : |b Imprenta de Ignacio de Escalante, |c 1879 | ||
| 300 | |a 87 p. ; |c 17.0 cm. | ||
| 336 | |a texto |b txt |2 rdacontenido | ||
| 337 | |a sin mediación |b n |2 rdamedio | ||
| 338 | |a volumen |b nc |2 rdasoporte | ||
| 520 | |a Alejandro Arango y Escandón (1821-1883), abogado mexicano. Estudió en París, Madrid y México. Sirvió a los gobiernos conservadores y al imperio. Al triunfo de la República fue encarcelado y luego desterrado. Miembro de la Academia de Letrán, segundo director de la Academia Mexicana de la Lengua. Políglota, traductor del francés y del italiano. Obras: Ensayo histórico sobre Fray Luis de León (1866), Versos (1876) y Algunos versos (1879). | ||
| 561 | |a Ex libris de Instituto de Literatura Puente Grande, Jal. | ||
| 561 | |a Ex libris de Bibl. Iunioratus Dom. Prob. S. Ioseph | ||
| 561 | |a Ex libris de Bibl. Magnopontanae Domus Scti. Ioseph. Prov. Mex. Sept. S.I | ||
| 649 | |a XX | ||
| 650 | |a Poesía Mexicana | ||
| 650 | |a Literatura Mexicana - |y Siglo XIX | ||
| 910 | |a Fondo General | ||
| 920 | |a Impresos - Libros | ||
| 930 | |a Libros Antiguos y Raros | ||
| 940 | |a Literatura | ||
| 905 | |a 108 | ||
| 901 | |a 0500275106 |b IT2 |c LRA |u 20250526 | ||
| 902 | |a https://opac.biblio.iteso.mx/vufind/Record/000380015 | ||